| 000 | 00338 a2200133 4500 | ||
|---|---|---|---|
| 001 | 89097 | ||
| 082 | _aPR 824 | ||
| 090 |
_c42045 _d42045 |
||
| 100 | _aSyed Nudrat Kazmi | ||
| 245 | _aFabrication of a wing structure in composite materials | ||
| 260 |
_aKarachi _bNED _c1983 |
||
| 300 |
_a135p. _eEjaz Yaqub |
||
| 500 | _aBE Project Reports | ||
| 942 |
_aCAE NUST _kPR 824 |
||
| 999 |
_c324170 _d324170 |
||